Statistics for Central America and Caribbean Map Quiz

Click here to take the quiz!

General Stats

  • This quiz has been taken 712,117 times
  • The average score is 10 of 14

Answers on the Map

Answers color-coded by a green-red scale on the quiz's map according to % correct below.
Loading ...
 

Answer Stats

Answer% Correct
Panama
89%
Cuba
83%
Dominican Republic
79%
Bahamas
75%
Haiti
75%
Belize
73%
Guatemala
73%
Trinidad and Tobago
73%
Jamaica
72%
El Salvador
70%
Honduras
69%
Nicaragua
68%
Costa Rica
66%
Puerto Rico (US)
66%

Score Distribution

Percentile by Number Answered

Percent of People with Each Score

Your Score History

You have not taken this quiz